000 005330000a22001810004500
090 _aAR
_b01895
245 1 0 _aRainfall, food abundance and timing of parturition in african bats
650 1 4 _aReproducción animal
_987770
650 1 4 _aMurciélagos
_92659
650 1 4 _aHábitos alimentarios
_93824
650 1 4 _aFenología
_992807
651 4 _pAfrica
_992749
041 0 _aInglés
700 1 _aBernard, R. T. F.
_995352
100 1 _aCumming, Graeme S.
_995353
942 _cARTICULO
773 1 _tOecologia
_380
_h111
_q309-317
_d1997
999 _c10972
_d10972